000 00755nam a2200253 a 4500
001 55615
003 BD-RjUL
005 20211209080306.0
008 161120s1982 nyu 001 0 eng
020 _a0070439788
035 _a(BD-RjUL)55738
040 _aDLC
_cDLC
_dDLC
_dBD-RjUL
_beng
041 _aeng
082 0 0 _a808.0427
_223
_bMUM 1982
100 _aMuller, Gilbert H.
_9165682
245 0 4 _aThe McGraw-Hill reader /
_c Gilbert H. Muller.
260 _aNew York :
_bMcGraw-Hill,
_cc1982.
300 _axx, 675 p. ;
_c23 cm.
500 _aIncludes index.
650 0 _aCollege readers.
_9117274
650 0 _aEnglish language
_xRhetoric
_vProblems, exercises, etc.
_9165683
700 1 _aMuller, Gilbert H.,
_d1941-
_9165684
942 _2ddc
_cBK
999 _c55615
_d55615